Le thomisme: introduction a la philosophie de Saint Thomas d'Aquin

Збережено в:
Бібліографічні деталі
Автор: Gilson, Étienne (autor)
Формат: Книга
Мова:Французька
Опубліковано: París J. Vrin 1947
Серія:Etudes de Philosophie Médiévale, 1
Предмети:
Теги: Додати тег
Немає тегів, Будьте першим, хто поставить тег для цього запису!

MARC

LEADER 00000nam a2200000 a 4500
001 UCZ2962
003 CL-VaPUC
008 951013e19470000FR |||||||||||||||||fre|d
082 0 4 |a 189.4  |b GIL  |2 21 
100 |a Gilson, Étienne  |e autor  |9 349171 
245 1 3 |a Le thomisme: introduction a la philosophie de Saint Thomas d'Aquin 
300 |a 552 p 
942 |c BK 
945 |d 19951013 00:00:00  |a cmena 
260 |a París  |b J. Vrin  |c 1947 
600 0 |a Tomás de Aquino  |d 1220-1274  |c Santo  |9 255832 
600 0 |a Dios  |9 314467 
650 0 |a Tomismo  |9 259214 
650 0 |a Ética  |9 255099 
650 0 |a Conceptos morales   |9 310606 
650 0 |a Epistemología   |9 264994 
650 7 |a HOMBRE  |2 CL-VaPUC  |9 262149 
650 0 |a Relaciones interpersonales  |9 307056 
583 |a last modification  |c 19951013 00:00:00  |k Rodrigo Vera 
490 0 |a Etudes de Philosophie Médiévale, 1 
999 |c 239493  |d 239491 
952 |0 0  |1 0  |4 0  |6 189_400000000000000_GIL_1947  |7 0  |8 P  |9 250676  |a BIBEDU  |b BIBEDU  |c BIBEDU_PB  |d 2019-11-18  |i 1570463  |o 189.4 GIL 1947  |p 1570463  |r 2024-01-25  |w 2019-11-18  |y BK  |k FIL